| 000 | 00834nam a2200205 a 4500 | ||
|---|---|---|---|
| 001 | 000015873 | ||
| 003 | DO-SdBNP | ||
| 005 | 20241031124004.0 | ||
| 008 | 100222s1996 dr a 000 0 spa d | ||
| 040 |
_aDO-SdBNP _bspa _cBNPHU |
||
| 082 | 4 |
_a338.9 _bP953c _222 |
|
| 111 | 2 |
_aconferencia nacional sobre la mejora de la productividad empresarial _n(1a : _d1995 oct. 9-10 : _cSanto Domingo) _935748 |
|
| 245 | 1 | 0 | _aPonencias 1ra conferencia nacional sobre la mejora de la productividad empresarial. |
| 260 |
_aSanto Domingo : _bINFOTEP, _c1996. |
||
| 300 |
_a105 p. : _bil. ; _c28 cm. |
||
| 650 | 4 |
_aOrganización industrial _xCongresos, conferencias, etc. _91580 |
|
| 650 | 0 |
_aProductividad industrial _xCongresos, conferencias, etc. _927637 |
|
| 710 | 2 |
_aInstituto Nacional de Formación Técnico Profesional _935749 |
|
| 942 |
_2ddc _cLBS1 |
||
| 999 |
_c15415 _d15415 |
||